Responses for show #3527 - Tuesday, December 28, 1999

Contestants

[<< previous game]

Judith Martin Straw, a writer and bookseller from Santa Monica, California

Justin Oppmann, a political consultant from Washington, D.C.

Grace Kim, a business school administrator from New York City, New York (whose 1-day cash winnings total $9,200)

[next game >>]

Jeopardy! Round responses

AFRICAN CAPITALS
1999 BOFFO B.O.
(Alex: B.O.--box office.)
CREATION STORIES
STUPID ANSWERS
CROSSWORD CLUES "L"
HIPPOS
    $100 17
Cairo or Khartoum

Grace
    $100 6
Austin Powers: The Spy Who Shagged Me

Justin
    $100 11
the Word

Judith
    $100 30
University of Hawaii

Justin
    $100 1
Library

Grace
    $100 16
Ivory

Grace
    $200 18
Nairobi

Justin
    $200 7
Notting Hill

Grace
    $200 12
Big Bang Theory

Judith
    $200 29
Forbes magazine

Justin
    $200 2
Llama

Grace
    $200 22
Pachyderms

Grace
    $1,000 19
(Justin: What is Adidas Ababa?)
(Alex: You added an extra syllable.)

Addis Ababa

Justin
    $300 8
The Blair Witch Project

Justin
    $300 13
Raven

Judith
    $300 26
Holy Roman Empire

Judith
    $300 3
Lukewarm

Judith
    $300 23
(G: What is the head?)

Mouth

Grace
Triple Stumper
    $400 20
Monrovia (Liberia)

Judith
    $400 9
Star Wars: The Phantom Menace

Justin
    $400 14
Earth

Judith
    $400 28
Morgan's Raiders

Justin
    $400 4
Locksmith

Grace
    $400 24
4

Judith
    $500 21
Dakar

Grace
    $500 10
The Matrix

Judith
    $500 15
Aztecs

Judith
    $500 27
Jason Williams

Justin
    $500 5
Labyrinth

Judith
    $500 25
(with a minute to go...)

River horse

Triple Stumper

Scores at the first commercial break (after clue 16):

Grace Justin Judith
$1,000 $800 $2,800

Scores at the end of the Jeopardy! Round:

Grace Justin Judith
$1,500 $1,200 $3,900

Double Jeopardy! Round responses

THE CRUSADES
THAT '70s SHOW
FLAGS
LITERARY TITLE PAIRS
(Alex: You have to fill in the missing first half of the pair.)
COLLECTIBLES
HIP "O"s
    $200 6
(Judith: Who is King John?)

Richard the Lionhearted

JustinJudith
    $200 21
M*A*S*H

Judith
    $200 11
North Star (Polaris)

Justin
    $200 1
The Pit

Judith
    $200 30
Fountain pens

Judith
    $200 16
Annie Oakley

Grace
    $400 7
(G: What is Sarajevo?)

Belgrade

Grace
Triple Stumper
    $400 22
Eight is Enough

Grace
    $400 12
Green

Grace
    $400 2
The Sound

Grace
    $400 29
(Justin: What was the 1960s?)

1950s

GraceJustin
    $400 17
Ogre

Judith
    $600 8
Eleanor of Aquitaine

Judith
    $1,500 23
Soap

Grace
    $600 13
Colorado

Justin
    $600 3
The Moon

Triple Stumper
    $600 26
Henry Ford

Triple Stumper
    $600 18
Okefenokee Swamp

Judith
    $800 9
Egypt

Triple Stumper
    $800 24
Police Woman

Judith
    $600 14
Ferdinand & Isabella

Justin
    $800 4
Arms

Judith
    $800 27
Berta Hummel

Grace
    $800 19
Odysseus

Judith
    $1000 10
Frederick Barbarossa

Triple Stumper
    $1000 25
(with about a minute to go...)

The Paper Chase

Justin
    $1000 15
St. Vincent

Justin
    $1000 5
The Web

Triple Stumper
    $1000 28
(Justin: What is "Lost in Space?")

Buck Rogers in the 25th Century

Justin
Triple Stumper
    $1000 20
Occam

Judith

Scores at the end of the Double Jeopardy! Round:

Grace Justin Judith
$5,200 $3,400 $9,300

[wagering suggestions for these scores]

Final Jeopardy! Round responses

ARTISTS
JustinWho is Picasso?
$3,200
GraceWho was Picasso?
$5,199
JudithWho Picasso
$5,000
Pablo Picasso

Final scores:

Grace Justin Judith
$10,399 $6,600 $14,300
2nd place: Fisher Home Theater System & TIC Audio Exterior Products 3rd place: VTech Cordless Phones New champion: $14,300

Game dynamics:

Coryat scores:

Grace Justin Judith
$4,300 $4,600 $9,300
15 R
(including 1 DD),
2 W
14 R
(including 1 DD),
3 W
(including 1 DD)
21 R,
1 W

Combined Coryat: $18,200

The J! Archive is created by fans, for fans. The Jeopardy! game show and all elements thereof, including but not limited to copyright and trademark thereto, are the property of Jeopardy Productions, Inc. and are protected under law. This website is not affiliated with, sponsored by, or operated by Jeopardy Productions, Inc. Join the discussion at JBoard.tv.